[Event "2. Bundesliga Ost 2008/2009"]
[Site "3-5.10.Bruck,22-23.11.Poechlarn,17-18.1.Wr.Neust,28
[Date "2008.10.05"]
[Round "3"]
[Board "2"]
[White "Vavrak, Peter"]
[Black "Timoscenko, Gennadij"]
[Result "0-1"]
[WhiteElo "2478"]
[BlackElo "2481"]
[PlyCount "84"]
[EventDate "2008.10.03"]
[EventType "team"]
[EventRounds "11"]
[EventCountry "AUT"]
[WhiteTeam "ASVOE SK Lackenbach"]
[BlackTeam "1. Wr. Neustaedter SV"]

1.d4 d5 2.c4 c6 3.Nc3 Nf6 4.e3 e6 5.Nf3 Nbd7 6.Qc2 Bd6 7.Be2 dxc4 8.a4 O-O 9.O-O
c5 10.dxc5 Bxc5 11.e4 Qc7 12.Nb5 Qb8 13.Qxc4 a6 14.Nc3 b6 15.b4 Bd6 16.Bb2 Bb7
17.g3 Rc8 18.Qd4 e5 19.Qe3 Bxb4 20.Nd5 Bc5 21.Qb3 Nxd5 22.exd5 Qd6 23.Rad1 Re8
24.Nh4 Rad8 25.Nf5 Qf6 26.Ne3 Qg6 27.Bf3 Nf6 28.Bg2 e4 29.Bd4 Nd7 30.Bh3 Bxd4
31.Rxd4 Nc5 32.Qb1 Qf6 33.Rb4 Bxd5 34.Rxb6 Qe5 35.Qc2 Ba8 36.Rc1 Nd3 37.Rcb1 Qa5
38.Qc4 Qd2 39.Ng4 h5 40.Nh6+ gxh6 41.Rg6+ Kf8 42.Rf6 Re7

[Event "2. Bundesliga Ost 2008/2009"]
[Site "3-5.10.Bruck,22-23.11.Poechlarn,17-18.1.Wr.Neust,28
[Date "2008.10.05"]
[Round "3"]
[Board "3"]
[White "Steiner, Adam"]
[Black "Vass, Frantisek"]
[Result "1-0"]
[WhiteElo "2212"]
[BlackElo "2402"]
[PlyCount "89"]
[EventDate "2008.10.03"]
[EventType "team"]
[EventRounds "11"]
[EventCountry "AUT"]
[WhiteTeam "1. Wr. Neustaedter SV"]
[BlackTeam "ASVOE SK Lackenbach"]

1.e4 d5 2.exd5 Qxd5 3.Nc3 Qa5 4.d4 Nf6 5.Bd2 c6 6.Bc4 Bf5 7.Nf3 Nbd7 8.Qe2 e6
9.d5 cxd5 10.Nxd5 Qd8 11.Nd4 Bg6 12.O-O-O Nxd5 13.Bxd5 Qc7 14.Bg5 Be7 15.Bxe7
Kxe7 16.Bxe6 fxe6 17.Nxe6 Qxc2+ 18.Qxc2 Bxc2 19.Kxc2 Rac8+ 20.Kb3 Kxe6 21.Rhe1+
Ne5 22.f4 Rc5 23.Rd2 Rhc8 24.a4 Rf8 25.g3 g5 26.fxe5 Rf3+ 27.Ka2 Rc4 28.Rd6+ Ke7
29.Rh6 Rxa4+ 30.Kb1 Rf7 31.Rc1 Kf8 32.e6 Re7 33.Rf6+ Kg7 34.Rcf1 b6 35.Rf7+ Rxf7
36.Rxf7+ Kg6 37.Rc7 Re4 38.e7 a5 39.Rc6+ Kf5 40.g4+ Kxg4 41.Rc4 Rxc4 42.e8=Q Rb4
43.Qd7+ Kf3 44.Qh3+ Kf2 45.Qg3+

[Event "2. Bundesliga Ost 2008/2009"]
[Site "3-5.10.Bruck,22-23.11.Poechlarn,17-18.1.Wr.Neust,28
[Date "2008.10.05"]
[Round "3"]
[Board "4"]
[White "Krpelan, Wolfgang"]
[Black "Todor, Razvan"]
[Result "1/2-1/2"]
[WhiteElo "2281"]
[BlackElo "2215"]
[PlyCount "22"]
[EventDate "2008.10.03"]
[EventType "team"]
[EventRounds "11"]
[EventCountry "AUT"]
[WhiteTeam "ASVOE SK Lackenbach"]
[BlackTeam "1. Wr. Neustaedter SV"]

1.d4 d5 2.Bf4 c6 3.c3 Bf5 4.Nd2 e6 5.e3 Bd6 6.Bxd6 Qxd6 7.f4 Nf6 8.Be2 Nbd7
9.Ngf3 Ne4 10.Nxe4 Bxe4 11.O-O Bxf3

[Event "2. Bundesliga Ost 2008/2009"]
[Site "3-5.10.Bruck,22-23.11.Poechlarn,17-18.1.Wr.Neust,28
[Date "2008.10.05"]
[Round "3"]
[Board "5"]
[White "Wiedner, Robert"]
[Black "Stranz, Richard"]
[Result "1-0"]
[WhiteElo "2189"]
[BlackElo "2253"]
[PlyCount "107"]
[EventDate "2008.10.03"]
[EventType "team"]
[EventRounds "11"]
[EventCountry "AUT"]
[WhiteTeam "1. Wr. Neustaedter SV"]
[BlackTeam "ASVOE SK Lackenbach"]

1.d4 Nf6 2.c4 e5 3.dxe5 Ng4 4.e4 Nxe5 5.Be2 Bc5 6.Nf3 Nxf3+ 7.Bxf3 Nc6 8.O-O O-O
9.Nc3 Re8 10.Bf4 Ne5 11.Kh1 a5 12.Na4 Bf8 13.Rc1 Ra6 14.Bg3 Rd6 15.Qb3 Rd3
16.Rc3 Rd4 17.Bd1 Rxe4 18.f3 Rd4 19.Bf2 Nc6 20.c5 d5 21.cxd6 Rxd6 22.Nc5 b6
23.Ne4 Nd4 24.Qc4 Rd7 25.Ba4 c6 26.Bxc6 Nxc6 27.Qxc6 Rd1 28.Rc1 Rxf1+ 29.Rxf1
Re6 30.Qb5 Bb7 31.Nc3 Rd6 32.Re1 h6 33.Re8 Qf6 34.Qe2 Bc6 35.Rb8 Re6 36.Qd1 a4
37.Nxa4 Qe5 38.Bg3 Qa5 39.Nc3 Re8 40.Rxe8 Bxe8 41.Qd8 Qa6 42.h4 Qf1+ 43.Kh2 Bc6
44.Ne4 Bxe4 45.fxe4 Qf6 46.Qxf6 gxf6 47.a4 Bc5 48.h5 Be3 49.Bd6 Kg7 50.Kg3 f5
51.exf5 Kf6 52.Kg4 Bd2 53.b3 Be3 54.Bf4

[Event "2. Bundesliga Ost 2008/2009"]
[Site "3-5.10.Bruck,22-23.11.Poechlarn,17-18.1.Wr.Neust,28
[Date "2008.10.05"]
[Round "3"]
[Board "6"]
[White "Galavics, Hermann"]
[Black "Posch, Werner"]
[Result "0-1"]
[WhiteElo "2017"]
[BlackElo "2234"]
[PlyCount "84"]
[EventDate "2008.10.03"]
[EventType "team"]
[EventRounds "11"]
[EventCountry "AUT"]
[WhiteTeam "ASVOE SK Lackenbach"]
[BlackTeam "1. Wr. Neustaedter SV"]

1.d4 Nf6 2.c4 Nc6 3.Nf3 e6 4.g3 Bb4+ 5.Bd2 Qe7 6.Bg2 Bxd2+ 7.Nbxd2 d6 8.O-O O-O
9.e4 e5 10.d5 Nb8 11.Ne1 Ng4 12.h3 Nh6 13.Nd3 f5 14.exf5 Nxf5 15.b4 Nd7 16.Ne4
a5 17.a3 b6 18.Re1 h6 19.c5 axb4 20.cxd6 cxd6 21.axb4 Rxa1 22.Qxa1 Bb7 23.Nc3
Ra8 24.Qb2 Qf7 25.Ra1 Qf8 26.Nb5 Nf6 27.Rxa8 Qxa8 28.Nc3 Nd4 29.f4 Qc8 30.fxe5
dxe5 31.Ne2 Qc4 32.Nxd4 Qxd3 33.Nc6 Qxg3 34.Qxe5 Qxe5 35.Nxe5 Bxd5 36.Bf1 Kf8
37.Kf2 Ke7 38.Ke3 Kd6 39.Kd4 Nh5 40.Ba6 Nf4 41.Bc8 Ne2+ 42.Ke3 Kxe5

[Event "2. Bundesliga Ost 2008/2009"]
[Site "3-5.10.Bruck,22-23.11.Poechlarn,17-18.1.Wr.Neust,28
[Date "2008.10.05"]
[Round "3"]
[Board "1"]
[White "Sommerbauer, Norbert"]
[Black "Farago, Ivan"]
[Result "1/2-1/2"]
[WhiteElo "2471"]
[BlackElo "2489"]
[PlyCount "25"]
[EventDate "2008.10.03"]
[EventType "team"]
[EventRounds "11"]
[EventCountry "AUT"]
[WhiteTeam "Raiffeisen Waehring"]
[BlackTeam "ASVOE VHS Poechlarn"]

1.Nf3 d5 2.c4 d4 3.g3 c5 4.Bg2 Nc6 5.O-O e5 6.d3 Nf6 7.e3 Be7 8.exd4 exd4 9.Re1
O-O 10.Bf4 Bd6 11.Ne5 Nxe5 12.Bxe5 Bxe5 13.Rxe5

[Event "2. Bundesliga Ost 2008/2009"]
[Site "3-5.10.Bruck,22-23.11.Poechlarn,17-18.1.Wr.Neust,28
[Date "2008.10.05"]
[Round "3"]
[Board "2"]
[White "Kostic, Vladimir"]
[Black "Fauland, Alexander"]
[Result "1/2-1/2"]
[WhiteElo "2422"]
[BlackElo "2411"]
[PlyCount "44"]
[EventDate "2008.10.03"]
[EventType "team"]
[EventRounds "11"]
[EventCountry "AUT"]
[WhiteTeam "ASVOE VHS Poechlarn"]
[BlackTeam "Raiffeisen Waehring"]

1.d4 Nf6 2.Nf3 e6 3.g3 b5 4.a4 b4 5.Bg2 c5 6.c3 d5 7.O-O Ba6 8.Bg5 Nbd7 9.Ne5
Nxe5 10.dxe5 h6 11.Bxf6 gxf6 12.Qc1 Rc8 13.exf6 Qxf6 14.Re1 Bg7 15.e4 dxe4
16.Rxe4 O-O 17.Re3 Rfd8 18.Nd2 Rd3 19.Ne4 Qd8 20.Bf1 Rxe3 21.Qxe3 Bb7 22.Rc1
bxc3

[Event "2. Bundesliga Ost 2008/2009"]
[Site "3-5.10.Bruck,22-23.11.Poechlarn,17-18.1.Wr.Neust,28
[Date "2008.10.05"]
[Round "3"]
[Board "3"]
[White "Schneider-Zinner, Harald"]
[Black "Rumpl, Erwin"]
[Result "1-0"]
[WhiteElo "2394"]
[BlackElo "2310"]
[PlyCount "71"]
[EventDate "2008.10.03"]
[EventType "team"]
[EventRounds "11"]
[EventCountry "AUT"]
[WhiteTeam "Raiffeisen Waehring"]
[BlackTeam "ASVOE VHS Poechlarn"]

1.d4 g6 2.c4 Bg7 3.Nc3 d6 4.e4 e5 5.Nge2 exd4 6.Nxd4 Nc6 7.Be3 Nge7 8.h4 O-O
9.h5 f5 10.Nxc6 bxc6 11.hxg6 hxg6 12.Bd4 c5 13.Bxg7 Kxg7 14.Qd2 Rh8 15.Rxh8 Qxh8
16.Nb5 Qd8 17.e5 Ba6 18.O-O-O Bxb5 19.cxb5 d5 20.Qc3 c6 21.Qxc5 cxb5 22.Kb1 a6
23.Bd3 Rc8 24.Qa7 Rc6 25.Rh1 Re6 26.f4 Rc6 27.Qf2 Ng8 28.g4 fxg4 29.f5 Qb6
30.f6+ Nxf6 31.exf6+ Rxf6 32.Qh4 Qd4 33.Qh8+ Kf7 34.Rh7+ Ke6 35.Qe8+ Kd6 36.Qe7+

[Event "2. Bundesliga Ost 2008/2009"]
[Site "3-5.10.Bruck,22-23.11.Poechlarn,17-18.1.Wr.Neust,28
[Date "2008.10.05"]
[Round "3"]
[Board "5"]
[White "Zetthofer, Gerald"]
[Black "Loidl, Florian"]
[Result "1/2-1/2"]
[WhiteElo "2273"]
[BlackElo "2218"]
[PlyCount "97"]
[EventDate "2008.10.03"]
[EventType "team"]
[EventRounds "11"]
[EventCountry "AUT"]
[WhiteTeam "Raiffeisen Waehring"]
[BlackTeam "ASVOE VHS Poechlarn"]

1.d4 Nf6 2.c4 e6 3.Nc3 Bb4 4.Nf3 O-O 5.g3 b6 6.Bg2 Bb7 7.O-O Bxc3 8.bxc3 d6 9.a4
Nbd7 10.a5 Be4 11.Nd2 Bxg2 12.Kxg2 e5 13.e4 Re8 14.Qc2 Qc8 15.Re1 Nf8 16.Nb3 Qe6
17.d5 Qc8 18.Ra2 Ng6 19.Qd3 Qg4 20.Kh1 Nd7 21.f3 Qh3 22.Qf1 Qxf1+ 23.Rxf1 Ne7
24.Be3 Nc8 25.Rfa1 Rb8 26.Kg2 Nc5 27.Nd2 Kf8 28.Kf1 Ke7 29.Ke2 Kd7 30.h4 Ne7
31.axb6 axb6 32.h5 f6 33.g4 Rg8 34.Rh1 Ra8 35.Rha1 Rxa2 36.Rxa2 g6 37.hxg6 hxg6
38.Kf1 Rh8 39.Kg2 g5 40.Nf1 Ng6 41.Bxc5 Nf4+ 42.Kg1 bxc5 43.Rh2 Rxh2 44.Kxh2 Ne2
45.Kg2 Nxc3 46.Kf2 Nd1+ 47.Ke2 Nb2 48.Ne3 Na4 49.Kd3

[Event "2. Bundesliga Ost 2008/2009"]
[Site "3-5.10.Bruck,22-23.11.Poechlarn,17-18.1.Wr.Neust,28
[Date "2008.10.05"]
[Round "3"]
[Board "6"]
[White "Gattermayer, Robert"]
[Black "Sadilek, Peter"]
[Result "1/2-1/2"]
[WhiteElo "2078"]
[BlackElo "2183"]
[PlyCount "38"]
[EventDate "2008.10.03"]
[EventType "team"]
[EventRounds "11"]
[EventCountry "AUT"]
[WhiteTeam "ASVOE VHS Poechlarn"]
[BlackTeam "Raiffeisen Waehring"]

1.e4 e6 2.Qe2 c5 3.f4 Nc6 4.Nf3 Nge7 5.Nc3 a6 6.d3 d5 7.g3 g6 8.Bg2 Bg7 9.O-O
O-O 10.Kh1 b5 11.a3 Kh8 12.Rb1 d4 13.Nd1 Ra7 14.Nf2 f5 15.Bd2 a5 16.Rg1 h6
17.Nh4 Kh7 18.g4 Qe8 19.Bf3 Bf6

[Event "2. Bundesliga Ost 2008/2009"]
[Site "3-5.10.Bruck,22-23.11.Poechlarn,17-18.1.Wr.Neust,28
[Date "2008.10.05"]
[Round "3"]
[Board "1"]
[White "Polak, Thomas"]
[Black "Videki, Sandor"]
[Result "1/2-1/2"]
[WhiteElo "2553"]
[BlackElo "2428"]
[PlyCount "51"]
[EventDate "2008.10.03"]
[EventType "team"]
[EventRounds "11"]
[EventCountry "AUT"]
[WhiteTeam "SV Stockerau"]
[BlackTeam "Spg Data Technlogy Eichgraben/P."]

1.d4 d5 2.c4 c6 3.Nc3 Nf6 4.e3 e6 5.Nf3 Nbd7 6.Qc2 Bd6 7.b3 O-O 8.Be2 dxc4
9.bxc4 e5 10.O-O Re8 11.a4 Qe7 12.Bb2 e4 13.Nd2 Nf8 14.c5 Bc7 15.Nc4 h5 16.Ba3
Bg4 17.Nd6 Bxe2 18.Qxe2 Bxd6 19.cxd6 Qe6 20.Rab1 b6 21.Rfc1 Rec8 22.h3 N8d7
23.Qa2 Qxa2 24.Nxa2 c5 25.dxc5 bxc5 26.Rb7

[Event "2. Bundesliga Ost 2008/2009"]
[Site "3-5.10.Bruck,22-23.11.Poechlarn,17-18.1.Wr.Neust,28
[Date "2008.10.05"]
[Round "3"]
[Board "2"]
[White "Ganaus, Hannes"]
[Black "Chytilek, Roman"]
[Result "1/2-1/2"]
[WhiteElo "2275"]
[BlackElo "2394"]
[PlyCount "21"]
[EventDate "2008.10.03"]
[EventType "team"]
[EventRounds "11"]
[EventCountry "AUT"]
[WhiteTeam "Spg Data Technlogy Eichgraben/P."]
[BlackTeam "SV Stockerau"]

1.d4 Nf6 2.c4 g6 3.Nc3 Bg7 4.e4 d6 5.Nf3 O-O 6.Be2 e5 7.Be3 Na6 8.O-O Ng4 9.Bg5
Qe8 10.Re1 f6 11.Bc1

[Event "2. Bundesliga Ost 2008/2009"]
[Site "3-5.10.Bruck,22-23.11.Poechlarn,17-18.1.Wr.Neust,28
[Date "2008.10.05"]
[Round "3"]
[Board "3"]
[White "Groetz, Harald"]
[Black "Neumeier, Klaus"]
[Result "1-0"]
[WhiteElo "2376"]
[BlackElo "2319"]
[PlyCount "121"]
[EventDate "2008.10.03"]
[EventType "team"]
[EventRounds "11"]
[EventCountry "AUT"]
[WhiteTeam "SV Stockerau"]
[BlackTeam "Spg Data Technlogy Eichgraben/P."]

1.e4 e5 2.Nf3 Nc6 3.Bb5 a6 4.Bxc6 dxc6 5.O-O Bg4 6.h3 h5 7.d3 Qf6 8.Be3 Bxf3
9.Qxf3 Qxf3 10.gxf3 Bd6 11.Nd2 Ne7 12.Rfb1 f5 13.b4 f4 14.Bc5 Kd7 15.Nc4 Ke6
16.a4 b5 17.Bxd6 cxd6 18.axb5 axb5 19.Nb6 Rab8 20.Ra6 Rb7 21.c4 bxc4 22.dxc4
Rhb8 23.c5 dxc5 24.bxc5 Rd8 25.Rc1 Rd2 26.Kf1 Rb8 27.Ke1 Rd4 28.Ke2 Rb7 29.Ra8
g6 30.Rc2 Kf6 31.h4 Ke6 32.Rca2 Kf6 33.Rf8+ Ke6 34.Raa8 Rc7 35.Rae8 Ra7 36.Nc8
Ra2+ 37.Kf1 Rd7 38.Rg8 Kf7 39.Rxe7+ Rxe7 40.Nxe7 Kxe7 41.Rxg6 Rc2 42.Rxc6 Kd7
43.Rd6+ Ke7 44.Rd5 Ke6 45.Kg2 Kf6 46.Rd6+ Ke7 47.Rc6 Kd7 48.Rh6 Rxc5 49.Rxh5 Ke6
50.Rh6+ Kf7 51.h5 Rc3 52.Rd6 Ra3 53.h6 Ra8 54.h7 Kg7 55.Re6 Ra5 56.Re7+ Kh8
57.Kh3 Ra3 58.Kg4 Ra5 59.Kf5 Ra3 60.Rxe5 Rxf3 61.Kg6

[Event "2. Bundesliga Ost 2008/2009"]
[Site "3-5.10.Bruck,22-23.11.Poechlarn,17-18.1.Wr.Neust,28
[Date "2008.10.05"]
[Round "3"]
[Board "4"]
[White "Pichler, Michael"]
[Black "Sadilek, Maximilian"]
[Result "0-1"]
[WhiteElo "2166"]
[BlackElo "2164"]
[PlyCount "76"]
[EventDate "2008.10.03"]
[EventType "team"]
[EventRounds "11"]
[EventCountry "AUT"]
[WhiteTeam "Spg Data Technlogy Eichgraben/P."]
[BlackTeam "SV Stockerau"]

1.e4 c5 2.c3 e5 3.Nf3 Nc6 4.Bc4 Nf6 5.O-O Nxe4 6.Re1 d5 7.Bb5 Bd6 8.d3 Nf6
9.Nxe5 O-O 10.Bxc6 bxc6 11.Bg5 Qc7 12.Bxf6 gxf6 13.Nf3 Kh8 14.Qa4 c4 15.dxc4 Rg8
16.Kh1 Bd7 17.cxd5 Rg4 18.Qa6 Rag8 19.g3 cxd5 20.Nbd2 R8g6 21.Qd3 Kg7 22.Nd4
R4g5 23.N2f3 Rh5 24.Nh4 Rxh4 25.gxh4 Bxh2 26.Rg1 Bxg1 27.Rxg1 Qf4 28.Rxg6+ hxg6
29.b4 Qxf2 30.Qf3 Qxh4+ 31.Kg2 Qg5+ 32.Kf2 Qd2+ 33.Kg3 Qxa2 34.Qe3 Qc4 35.Kf2 a6
36.Ke1 Qc7 37.Kd2 Qe5 38.Qd3 Qf4+

[Event "2. Bundesliga Ost 2008/2009"]
[Site "3-5.10.Bruck,22-23.11.Poechlarn,17-18.1.Wr.Neust,28
[Date "2008.10.05"]
[Round "3"]
[Board "5"]
[White "Schirmbeck, Hannes"]
[Black "Wandl, Werner"]
[Result "1/2-1/2"]
[WhiteElo "2149"]
[BlackElo "2110"]
[PlyCount "41"]
[EventDate "2008.10.03"]
[EventType "team"]
[EventRounds "11"]
[EventCountry "AUT"]
[WhiteTeam "SV Stockerau"]
[BlackTeam "Spg Data Technlogy Eichgraben/P."]

1.e4 e6 2.d4 d5 3.Nd2 Nf6 4.e5 Nfd7 5.Bd3 c5 6.c3 Nc6 7.Ne2 Qb6 8.Nf3 cxd4
9.cxd4 f6 10.exf6 Nxf6 11.O-O Bd6 12.b3 O-O 13.Bf4 Bxf4 14.Nxf4 Ne4 15.Ne2 Rxf3
16.gxf3 Ng5 17.f4 Nf3+ 18.Kg2 Nfxd4 19.Nxd4 Qxd4 20.Bxh7+ Kxh7 21.Qh5+

[Event "2. Bundesliga Ost 2008/2009"]
[Site "3-5.10.Bruck,22-23.11.Poechlarn,17-18.1.Wr.Neust,28
[Date "2008.10.05"]
[Round "3"]
[Board "6"]
[White "Hudec, Marcus"]
[Black "Batyte, Daiva"]
[Result "0-1"]
[WhiteElo "2064"]
[BlackElo "2142"]
[PlyCount "102"]
[EventDate "2008.10.03"]
[EventType "team"]
[EventRounds "11"]
[EventCountry "AUT"]
[WhiteTeam "Spg Data Technlogy Eichgraben/P."]
[BlackTeam "SV Stockerau"]

1.Nf3 Nf6 2.g3 g6 3.Bg2 Bg7 4.c4 c5 5.Nc3 Nc6 6.d3 O-O 7.e4 d6 8.h3 a6 9.O-O Rb8
10.a4 Bd7 11.Bg5 b6 12.Qd2 Nd4 13.Nxd4 cxd4 14.Nd5 e6 15.Nxf6+ Bxf6 16.Bh6 Bg7
17.Bxg7 Kxg7 18.f4 e5 19.f5 f6 20.h4 gxf5 21.Rxf5 Bxf5 22.exf5 Qd7 23.Rf1 Qxa4
24.g4 Qe8 25.Bd5 Kh8 26.Rf2 Rc8 27.Qb4 Qd8 28.Rg2 Rc7 29.Qxb6 Rxc4 30.Qxa6 Rc1+
31.Kh2 Qc7 32.b4 Rb1 33.b5 Qc5 34.Bc6 e4 35.Bxe4 Qe5+ 36.Rg3 Re1 37.Kh3 Re3
38.Rxe3 dxe3 39.Qa2 Qf4 40.Qe2 Rb8 41.Qc2 Qf1+ 42.Bg2 e2 43.Qc7 Rf8 44.Qe7 Kg8
45.Kh2 Qf4+ 46.Kh3 Qe5 47.Bd5+ Qxd5 48.Qxe2 Qxb5 49.Qe6+ Kg7 50.Qxd6 Qe5 51.Qa6
Qe3+

[Event "2. Bundesliga Ost 2008/2009"]
[Site "3-5.10.Bruck,22-23.11.Poechlarn,17-18.1.Wr.Neust,28
[Date "2008.10.05"]
[Round "3"]
[Board "1"]
[White "Pacher, Milan"]
[Black "Kleiser, Gregor"]
[Result "0-1"]
[WhiteElo "2357"]
[BlackElo "2326"]
[PlyCount "122"]
[EventDate "2008.10.03"]
[EventType "team"]
[EventRounds "11"]
[EventCountry "AUT"]
[WhiteTeam "Austria Wien"]
[BlackTeam "SV Tschaturanga Neubau"]

1.e4 c5 2.Nf3 d6 3.d4 cxd4 4.Nxd4 Nf6 5.Nc3 a6 6.Be2 e5 7.Nb3 Be7 8.Bg5 Nbd7
9.a4 O-O 10.a5 Qc7 11.O-O Nc5 12.Bxf6 Bxf6 13.Nd5 Qc6 14.Nxc5 dxc5 15.Ra3 Be6
16.Nxf6+ gxf6 17.Qd2 Kh8 18.Qh6 Bd7 19.Rd1 Rg8 20.Rad3 Rg6 21.Qh4 Be6 22.b3 Rag8
23.Bf1 Qc7 24.h3 Qxa5 25.Rf3 Kg7 26.Bc4 Bxc4 27.bxc4 Rd8 28.Rd5 b5 29.cxb5 axb5
30.Kh2 c4 31.Rf5 Rxd5 32.exd5 Qe1 33.Rf3 Rg5 34.Rg3 Qd2 35.Qe4 Rxg3 36.fxg3 Qd4
37.Qf5 Qxd5 38.Qg4+ Kf8 39.Qc8+ Ke7 40.Qc7+ Qd7 41.Qc5+ Ke6 42.c3 Kf5 43.Qe3 Qd3
44.Qf2+ Kg6 45.Qb2 e4 46.Qxb5 Qxc3 47.Qe8 e3 48.Qg8+ Kf5 49.Qxh7+ Ke6 50.Qe4+
Kd6 51.Qf4+ Kc5 52.Qc7+ Kb4 53.Qb7+ Ka3 54.Qxf7 Kb3 55.Qh5 Kc2 56.Qe2+ Kc1 57.h4
Qd3 58.Qe1+ Kc2 59.h5 e2 60.h6 c3 61.Qa1 Kd2

[Event "2. Bundesliga Ost 2008/2009"]
[Site "3-5.10.Bruck,22-23.11.Poechlarn,17-18.1.Wr.Neust,28
[Date "2008.10.05"]
[Round "3"]
[Board "2"]
[White "Wukits, Rene"]
[Black "Plachetka, Jan"]
[Result "1-0"]
[WhiteElo "2318"]
[BlackElo "2406"]
[PlyCount "49"]
[EventDate "2008.10.03"]
[EventType "team"]
[EventRounds "11"]
[EventCountry "AUT"]
[WhiteTeam "SV Tschaturanga Neubau"]
[BlackTeam "Austria Wien"]

1.d4 Nf6 2.c4 g6 3.Nc3 d5 4.cxd5 Nxd5 5.e4 Nxc3 6.bxc3 Bg7 7.Bc4 c5 8.Ne2 Nc6
9.Be3 O-O 10.Rc1 cxd4 11.cxd4 Qa5+ 12.Kf1 Rd8 13.Qb3 e6 14.d5 Ne5 15.dxe6 Nxc4
16.exf7+ Kxf7 17.Rxc4 Be6 18.Nf4 Rd1+ 19.Ke2 Rxh1 20.Qxb7+ Kg8 21.Qxa8+ Bf8
22.Nxe6 Re1+ 23.Kf3 Qh5+ 24.Kg3 Qe5+ 25.Nf4

[Event "2. Bundesliga Ost 2008/2009"]
[Site "3-5.10.Bruck,22-23.11.Poechlarn,17-18.1.Wr.Neust,28
[Date "2008.10.05"]
[Round "3"]
[Board "3"]
[White "Pokorna, Regina"]
[Black "Ernst, Michael"]
[Result "1-0"]
[WhiteElo "2376"]
[BlackElo "2195"]
[PlyCount "123"]
[EventDate "2008.10.03"]
[EventType "team"]
[EventRounds "11"]
[EventCountry "AUT"]
[WhiteTeam "Austria Wien"]
[BlackTeam "SV Tschaturanga Neubau"]

1.e4 e6 2.d4 d5 3.Nd2 Nf6 4.e5 Nfd7 5.Bd3 c5 6.c3 Nc6 7.Ne2 cxd4 8.cxd4 f6
9.exf6 Nxf6 10.O-O Bd6 11.Nf3 Qc7 12.Bg5 O-O 13.Bh4 Nh5 14.Nc3 a6 15.Bg3 Nxg3
16.hxg3 g6 17.Rc1 Qg7 18.Bb1 Bd7 19.Na4 Rae8 20.Nb6 Bc7 21.Na4 Bc8 22.Nc5 Bb6
23.a3 Bxc5 24.Rxc5 Bd7 25.Re1 Rxf3 26.gxf3 Qxd4 27.Qxd4 Nxd4 28.Re3 Bc6 29.f4
Kg7 30.Rc1 h6 31.Rd1 Nb5 32.Bd3 g5 33.Bxb5 axb5 34.fxg5 hxg5 35.f4 Kf6 36.Rd4
gxf4 37.gxf4 Rg8+ 38.Kf2 Rh8 39.Re2 Kf5 40.Re5+ Kf6 41.Re2 Kf5 42.Ke1 Rh4 43.Kd2
Bd7 44.Re5+ Kf6 45.Kc3 Rh3+ 46.Rd3 Rh4 47.Rd4 Rxf4 48.Rxe6+ Kxe6 49.Rxf4 Ke5
50.Rh4 Bf5 51.Rb4 Bd7 52.b3 Bc6 53.a4 bxa4 54.bxa4 Bd7 55.a5 Bc6 56.Kd3 Kf5
57.Kd4 Kf4 58.Kc5+ Ke3 59.Rd4 Kf3 60.a6 Ke3 61.a7 b6+ 62.Kxc6

[Event "2. Bundesliga Ost 2008/2009"]
[Site "3-5.10.Bruck,22-23.11.Poechlarn,17-18.1.Wr.Neust,28
[Date "2008.10.05"]
[Round "3"]
[Board "4"]
[White "Zoernpfenning, Siegfried"]
[Black "Hangweyrer, Manfred"]
[Result "0-1"]
[WhiteElo "2115"]
[BlackElo "2338"]
[PlyCount "28"]
[EventDate "2008.10.03"]
[EventType "team"]
[EventRounds "11"]
[EventCountry "AUT"]
[WhiteTeam "SV Tschaturanga Neubau"]
[BlackTeam "Austria Wien"]

1.e4 d5 2.exd5 Qxd5 3.d4 Nc6 4.Be3 e5 5.Nc3 Bb4 6.Qd2 Qa5 7.Nf3 Nf6 8.a3 Ne4
9.Qc1 Bxc3+ 10.bxc3 Qxc3+ 11.Bd2 Nxd2 12.Nxd2 Nxd4 13.Bd3 O-O 14.O-O Qxd3

[Event "2. Bundesliga Ost 2008/2009"]
[Site "3-5.10.Bruck,22-23.11.Poechlarn,17-18.1.Wr.Neust,28
[Date "2008.10.05"]
[Round "3"]
[Board "5"]
[White "Poecksteiner, Johann"]
[Black "Srienz, Christian"]
[Result "0-1"]
[WhiteElo "2169"]
[BlackElo "2232"]
[PlyCount "46"]
[EventDate "2008.10.03"]
[EventType "team"]
[EventRounds "11"]
[EventCountry "AUT"]
[WhiteTeam "Austria Wien"]
[BlackTeam "SV Tschaturanga Neubau"]

1.d4 Nf6 2.c4 e6 3.Nc3 Bb4 4.g3 c5 5.Nf3 cxd4 6.Nxd4 Ne4 7.Qd3 Qa5 8.Nc2 Bxc3+
9.bxc3 Nc5 10.Qd4 O-O 11.Ba3 d6 12.Qxd6 Qxc3+ 13.Qd2 Qxd2+ 14.Kxd2 Rd8+ 15.Ke3
b6 16.Bxc5 Bb7 17.Ba3 Bxh1 18.f3 Nc6 19.c5 Ne5 20.Bb4 Rac8 21.Bh3 a5 22.Be1 Rxc5
23.Na3 Bxf3

[Event "2. Bundesliga Ost 2008/2009"]
[Site "3-5.10.Bruck,22-23.11.Poechlarn,17-18.1.Wr.Neust,28
[Date "2008.10.05"]
[Round "3"]
[Board "6"]
[White "Schwaninger, Wolfgang"]
[Black "Rogetzer, Klaus"]
[Result "0-1"]
[WhiteElo "2151"]
[BlackElo "2091"]
[PlyCount "64"]
[EventDate "2008.10.03"]
[EventType "team"]
[EventRounds "11"]
[EventCountry "AUT"]
[WhiteTeam "SV Tschaturanga Neubau"]
[BlackTeam "Austria Wien"]

1.d4 Nf6 2.c4 e5 3.d5 Bb4+ 4.Bd2 Qe7 5.e3 a5 6.Nf3 O-O 7.Nc3 Na6 8.a3 Bc5 9.Na4
Ba7 10.Bxa5 d6 11.Bd2 Bd7 12.Nc3 Nc5 13.b4 Nce4 14.Be2 Nxf2 15.Kxf2 Ng4+ 16.Ke1
f5 17.Qc1 e4 18.Ng1 f4 19.Bxg4 Qh4+ 20.Kd1 Bxg4+ 21.Kc2 Qf2 22.Qe1 fxe3 23.h3
Bh5 24.g4 Bg6 25.Nge2 exd2 26.Qxf2 Rxf2 27.Kxd2 e3+ 28.Ke1 Raf8 29.Nd1 Be4
30.Rg1 Bd3 31.Ng3 R2f3 32.Nf5 e2

[Event "2. Bundesliga Ost 2008/2009"]
[Site "3-5.10.Bruck,22-23.11.Poechlarn,17-18.1.Wr.Neust,28
[Date "2008.10.05"]
[Round "3"]
[Board "1"]
[White "Manik, Mikulas"]
[Black "Blatny, Pavel"]
[Result "1/2-1/2"]
[WhiteElo "2448"]
[BlackElo "2416"]
[PlyCount "43"]
[EventDate "2008.10.03"]
[EventType "team"]
[EventRounds "11"]
[EventCountry "AUT"]
[WhiteTeam "ASVOE Pamhagen"]
[BlackTeam "SK Zwettl"]

1.e4 g6 2.d4 c6 3.Nc3 d5 4.h3 Bg7 5.Nf3 Nf6 6.Bd3 dxe4 7.Nxe4 Nxe4 8.Bxe4 Nd7
9.c3 O-O 10.O-O e5 11.dxe5 Nxe5 12.Nxe5 Qxd1 13.Rxd1 Bxe5 14.Bh6 Re8 15.Bc2 Bg7
16.Bxg7 Kxg7 17.Rd2 Be6 18.Bb3 Kf8 19.Rad1 Bxb3 20.axb3 h5 21.Kf1 Re7 22.Rd7

[Event "2. Bundesliga Ost 2008/2009"]
[Site "3-5.10.Bruck,22-23.11.Poechlarn,17-18.1.Wr.Neust,28
[Date "2008.10.05"]
[Round "3"]
[Board "2"]
[White "Holemar, David"]
[Black "Lipka, Juraj"]
[Result "1/2-1/2"]
[WhiteElo "2326"]
[BlackElo "2426"]
[PlyCount "34"]
[EventDate "2008.10.03"]
[EventType "team"]
[EventRounds "11"]
[EventCountry "AUT"]
[WhiteTeam "SK Zwettl"]
[BlackTeam "ASVOE Pamhagen"]

1.d4 Nf6 2.Nf3 d5 3.c4 e6 4.Nc3 Bb4 5.e3 O-O 6.Bd2 b6 7.a3 Be7 8.Be2 Bb7 9.O-O
dxc4 10.Bxc4 c5 11.Qe2 Nbd7 12.Rfd1 Qb8 13.Rac1 a6 14.Ba2 b5 15.Be1 cxd4 16.Nxd4
Nb6 17.h3 g6

[Event "2. Bundesliga Ost 2008/2009"]
[Site "3-5.10.Bruck,22-23.11.Poechlarn,17-18.1.Wr.Neust,28
[Date "2008.10.05"]
[Round "3"]
[Board "3"]
[White "Alvir, Aco"]
[Black "Vyskocil, Neklan"]
[Result "0-1"]
[WhiteElo "2386"]
[BlackElo "2315"]
[PlyCount "62"]
[EventDate "2008.10.03"]
[EventType "team"]
[EventRounds "11"]
[EventCountry "AUT"]
[WhiteTeam "ASVOE Pamhagen"]
[BlackTeam "SK Zwettl"]

1.e4 c5 2.Nf3 d6 3.d4 cxd4 4.Nxd4 Nf6 5.Nc3 a6 6.Bg5 e6 7.f4 Qc7 8.Qf3 Nbd7
9.O-O-O b5 10.Bd3 Bb7 11.Rhe1 Be7 12.Qg3 b4 13.Nd5 exd5 14.exd5 Kd8 15.Nf5 Bf8
16.Re2 Qc5 17.Qe1 Kc7 18.Bh4 g6 19.Bf2 Qa5 20.Ne3 Qxa2 21.Qxb4 Nc5 22.Nc4 Nxd5
23.Qe1 Nxd3+ 24.cxd3 Rc8 25.Bd4 Bh6 26.g3 Rhd8 27.b3 Qxb3 28.Rb2 Qa4 29.Kb1 Bc6
30.Bb6+ Kd7 31.Bxd8 Qxd1+